| 000 | 00490nam a2200157 4500 | ||
|---|---|---|---|
| 001 | 106926 | ||
| 003 | ES-MaACL | ||
| 005 | 20230906184316.0 | ||
| 007 | t| | ||
| 008 | 061121s1920 po r ||||1| fre d | ||
| 100 | 1 |
_aMoraes Carvalho, Alberto Antonio. _982906 |
|
| 245 | 1 | 3 |
_aLe probléme de l'univers / _cpar Alberto Antonio Moraes Carvalho. |
| 260 |
_aLisbonne : _b[s.n.], _c1920 ( _fTyp. da Empresa Diario de Noticias) |
||
| 300 |
_aVIII, 548 p. ; _c24 cm. |
||
| 852 |
_aES-MaACL _jF-1806 |
||
| 999 |
_c106926 _d106926 |
||